000 01714cam a22003854a 4500
999 _c17998
_d17998
001 12577569
008 011101s2002 wiua b 001 0 eng
010 _a 2001097825
020 _a0873494059
050 0 0 _aNK4007 .A56 2002
245 0 0 _aAntique trader American & European art pottery price guide /
_cedited by Kyle Husfloen.
246 3 _aAntique trader American and European art pottery price guide
246 1 8 _aAmerican & European art pottery price guide
246 3 _aAmerican and European art pottery price guide
246 3 0 _aArt pottery
250 _a2nd ed.
260 _aIola, WI :
_bKrause Publications,
_cc2002.
300 _a304 p. :
_bill. (some col.) ;
_c23 cm.
500 _aUpdated ed. of: Antique trader books American & European art pottery, price guide, c1995.
504 _aIncludes bibliographical references (p. 303) and index.
650 0 _aArt pottery, American
_y19th century
_vCatalogs.
650 0 _aArt pottery, American
_y20th century
_vCatalogs.
650 0 _aArt pottery, European
_y19th century
_vCatalogs.
650 0 _aArt pottery, European
_y20th century
_vCatalogs.
700 1 _aHusfloen, Kyle.
856 4 2 _3Publisher description
_uhttp://www.loc.gov/catdir/enhancements/fy1501/2001097825-d.html
942 _2lcc
_cBOOKS
_hNK4007 .A56 2002